| 000 | 01757cam a2200409 a 4500 | ||
|---|---|---|---|
| 001 | 14946790 | ||
| 003 | OSt | ||
| 005 | 20140310182941.0 | ||
| 008 | 070730s2007 scuab 000 0deng | ||
| 010 | _a 2007934131 | ||
| 020 | _a9780738555980 (pbk.) | ||
| 040 |
_aDLC _cDLC _dDLC |
||
| 043 | _an-us-ca | ||
| 050 | 0 | 0 |
_aF 869 _b.M767 2008 |
| 082 | 0 | 0 |
_aFIL 979.493 _b.M798 2008 |
| 100 | 1 | _aMontoya, Carina Monica. | |
| 245 | 1 | 0 |
_aFilipinos in Hollywood / _cMontoya, Carina Monica. |
| 260 |
_aCharleston, SC : _bArcadia Pub., _cc2008. |
||
| 300 |
_a127 p. : _bill., map ; _c24 cm. |
||
| 490 | 0 | _aImages of America | |
| 521 | _aCollege Student | ||
| 526 | _c1210L-1700L | ||
| 541 | _j1 | ||
| 562 | _e1 | ||
| 650 | 0 |
_aFilipino Americans _zCalifornia _zLos Angeles _xSocial life and customs _vPictorial works. |
|
| 650 | 0 |
_aFilipino Americans _zCalifornia _zLos Angeles _xHistory _vPictorial works. |
|
| 650 | 0 |
_aFilipino Americans _zCalifornia _zLos Angeles _vBiography _vPictorial works. |
|
| 651 | 0 |
_aHollywood (Los Angeles, Calif.) _xSocial life and customs _vPictorial works. |
|
| 651 | 0 |
_aHollywood (Los Angeles, Calif.) _xHistory _vPictorial works. |
|
| 651 | 0 |
_aHollywood (Los Angeles, Calif.) _vBiography _vPictorial works. |
|
| 651 | 0 |
_aLos Angeles (Calif.) _xSocial life and customs _vPictorial works. |
|
| 651 | 0 |
_aLos Angeles (Calif.) _vBiography _vPictorial works. |
|
| 651 | 0 |
_aLos Angeles (Calif.) _xHistory _vPictorial works. |
|
| 906 |
_a7 _bcbc _corignew _d2 _eepcn _f20 _gy-gencatlg |
||
| 942 |
_2lcc _cBK _kM |
||
| 999 |
_c17742 _d17742 |
||